00598nam a2200193Ia 4500001001000000003000500010008004100015010001100056040000900067082001600076100002100092245010700113260004200220300001100262650003700273650003500310650003100345650002800376Para_1662CHAP220125s1974 xx 000 0 und d a204564 cCHAP aPA 591.6 M3 aMascaro, Luis A. aZooparasitología y entomología sanitaria :b sistemáticas y comparadas /c por Luis A. Mascaro aBuenos Aires, Argentina :b Albatroz a410 p. aAnimales domésticos x plagas  aEntomología x sistemática aEntomología económica  aZoología económica